MARC

LEADER 00000nam0a2200000 4500
001 71923
005 20231101212619.0
035 |a (RuTPU)RU\TPU\book\76653 
090 |a 71923 
100 |a 20041227d1972 m y0rusy50 ca 
101 0 |a rus 
102 |a RU 
105 |a a j 000zy 
200 1 |a Ядерно-геофизическая разведка  |e учебное пособие  |f В. А. Арцыбашев 
210 |a Москва  |c Недра  |d 1972 
215 |a 399 с.  |c ил. 
320 |a Библиография в конце разделов. 
606 |a Геофизическая разведка  |2 stltpush  |3 (RuTPU)RU\TPU\subj\6259  |9 34187 
606 |a Радиометрическая разведка  |2 stltpush  |3 (RuTPU)RU\TPU\subj\22864  |9 47548 
610 1 |a гамма-метод 
610 1 |a гамма-гамма-метод 
610 1 |a рентгено-спектральный метод 
610 1 |a гамма-резонанс 
610 1 |a нейтронные методы 
610 1 |a нейтрон-нейтронный метод 
610 1 |a активационный метод 
610 1 |a гамма-нейтронный метод 
610 1 |a рудные месторождения 
610 1 |a угольные месторождения 
610 1 |a учебные пособия 
675 |a 550.835(075.8)  |v 3 
675 |a 550.83(075.8)  |v 3 
700 1 |a Арцыбашев  |b В. А.  |g Владимир Александрович 
801 1 |a RU  |b 63413507  |c 20041227  |g PSBO 
801 2 |a RU  |b 63413507  |c 20221222  |g PSBO 
900 |a Радиометрия и ядерная физика 
900 |a Радиометрия и ядерная геофизика 
942 |c BK